| 000 | 00611cam a2200217 a 4500 | ||
|---|---|---|---|
| 001 | 0000005664 | ||
| 005 | 20170406120909.0 | ||
| 008 | 070612s2006 rh 000 0 eng | ||
| 010 | _a 2007380649 | ||
| 020 | _a9781779220639 | ||
| 040 |
_aDLC _cDLC |
||
| 042 | _aode=LC overseas data entry | ||
| 043 | _af-rh--- | ||
| 050 | 0 | 0 |
_aPR9390.9.T34 _bU53 2006 |
| 100 | 1 | _aTagwira, Valerie. | |
| 245 | 1 | 4 |
_aThe uncertainty of hope / _cValerie Tagwira. |
| 260 |
_aHarare : _bWeaver Press, _c2006. |
||
| 300 |
_avii, 368 p. ; _c21 cm. |
||
| 651 | 0 |
_aZimbabwe _vFiction. |
|
| 852 | 1 | _9p17.00usd | |
| 908 | _a150115 | ||
| 999 |
_c5446 _d5446 |
||